| 000 | 01726cai a22002175a 4500 | ||
|---|---|---|---|
| 001 | L154039 | ||
| 008 | 111007u xxk f 000 0 eng d | ||
| 035 | _a(Sirsi) u154039 | ||
| 041 | 0 | _aeng | |
| 110 | 2 |
_aNational Custom & Self Build Association _96169 |
|
| 245 | 0 | 0 |
_aNational Custom & Self Build Association (NaSBA) _h[electronic resource] |
| 520 | _aThe objectives of NaCSBA are to promote self build and custom build as a form of housing delivery that can make a significant contribution to home building in the UK. To encourage the release of more land for self build projects across the UK, to raise the profile of self building as one of the best methods of delivering new housing, to encourage best practice in self build, to provide a structured forum for people and organisations with an interest in self build, to be a central representative body to put the views of the self build community to Government departments and agencies, Parliament, the European Commission and other relevant organisations, to be a research and statistical centre, to aggregate and publish statistics, and to provide analysis on self build and other relevant market information. NaCSBA was formally launched as the National Self Build Association (NaSBA) in October 2008. | ||
| 590 | _aKA NTK | ||
| 651 | 4 |
_aUnited Kingdom _y1973- |
|
| 690 | _aBUILT ENVIRONMENT-CONSTRUCTION MANAGEMENT-CONSTRUCTION DESIGN AND MANAGEMENT | ||
| 690 | _aPROPERTY-RESIDENTIAL PROPERTY-DOMESTIC RESIDENTIAL PROPERTY-HOUSING | ||
| 690 | _aBUILT ENVIRONMENT-CONSTRUCTION MARKET | ||
| 710 | 1 |
_aNational Self Build Association _95919 |
|
| 856 | 4 | 0 |
_uhttps://www.nacsba.org.uk/Index.aspx _zView the website free of charge at www.nacsba.org.uk |
| 942 | _n0 | ||
| 999 |
_c120931 _d120931 |
||